| 000 | 00435nam a2200157 4500 | ||
|---|---|---|---|
| 999 |
_c509290 _d509290 |
||
| 008 | 190429b ||||| |||| 00| 0 eng d | ||
| 100 |
_aKumar, K. Kiran _94905 |
||
| 245 | _aAn analysis of tenant farmers condition and difficulties at macro and micro level | ||
| 260 | _c2018 | ||
| 300 | _ap.207-215. | ||
| 650 |
_aTenancy _94906 |
||
| 650 |
_aFarmers _94907 |
||
| 773 | _aProductivity | ||
| 906 | _aLand tenure | ||
| 942 |
_2ddc _cAR |
||